| 000 | 00661nam a2200205 4500 | ||
|---|---|---|---|
| 008 | 161115b xxu||||| |||| 00| 0 eng d | ||
| 020 | _a978-1-259-25108-5 | ||
| 082 |
_22016 _aDC 330 _bR26 |
||
| 100 |
_917400 _aRegister, Charles A. |
||
| 245 |
_aEconomics of social issues/ _cCharles A. Register and Paul W. Grimes. |
||
| 250 | _aTwenty-First Edition | ||
| 260 |
_aNew York: _bMcGraw Hill Education, _cc2016. |
||
| 300 |
_axix, 470 pages: _billustrations; _c23 cm. |
||
| 500 | _aIncludes glossary and index. | ||
| 650 | 0 |
_917401 _aEconomics |
|
| 650 | 0 |
_917402 _aSocial Problems |
|
| 700 |
_917403 _aGrimes, Paul W. |
||
| 365 |
_b2,995 _cPhp |
||
| 942 |
_2ddc _cDC |
||
| 999 |
_c5668 _d5668 |
||